[Event "Reto (Rybka23232-bit, 90'+30\"/100+15'+3"]
[Site "?"]
[Date "2009.12.31"]
[Round "?"]
[White "Diaz, Sergio"]
[Black "Cabrera, Marcelo Dario"]
[Result "1/2-1/2"]
[WhiteElo "2472"]
[BlackElo "2267"]
[PlyCount "183"]

1. e4 c5 2. Nf3 e6 3. d4 cxd4 4. Nxd4 a6 5. Bd3 Nf6 6. O-O Qc7 7. Qe2 d6 8. c4
Be7 9. Nc3 Nc6 10. Nxc6 bxc6 11. f4 Nd7 12. Be3 Rb8 13. Rad1 O-O 14. Rf3 g6 15.
g4 Bf6 16. Qd2 Bb7 17. g5 Bg7 18. Bf1 d5 19. Rf2 Rfe8 20. cxd5 cxd5 21. exd5
exd5 22. Nxd5 Bxd5 23. Qxd5 Rxe3 24. Qxd7 Qc5 25. Kg2 Bxb2 26. f5 Bg7 27. Qd6
Qxd6 28. Rxd6 gxf5 29. Rxf5 Bc3 {[%eval 23,17] [%emt 0:03:58]} 30. Bc4 {
[%eval 24,17] [%emt 0:05:12] (Tc6)} Rb2+ {[%eval 24,17] [%emt 0:01:22]} 31. Rf2
{[%eval 22,18] [%emt 0:01:06]} Re5 {[%eval 18,18] [%emt 0:03:31] (Txf2+)} 32.
Bxf7+ {[%eval 18,18] [%emt 0:00:52]} Kg7 {[%eval 21,19] [%emt 0:00:51]} 33.
Rxb2 {[%eval 21,19] [%emt 0:00:45]} Rxg5+ {[%eval 20,19] [%emt 0:01:28]} 34.
Kf3 {[%eval 20,20] [%emt 0:02:08]} Bxb2 {[%eval 20,20] [%emt 0:02:04]} 35. Bc4
{[%eval 20,20] [%emt 0:03:30]} Rf5+ {[%eval 19,20] [%emt 0:05:12]} 36. Kg4 {
[%eval 18,21] [%emt 0:06:44]} Re5 {[%eval 18,21] [%emt 0:05:57]} 37. Bxa6 {
[%eval 17,21] [%emt 0:10:40]} Re4+ {[%eval 16,21] [%emt 0:21:02]} 38. Kf3 {
[%eval 16,22] [%emt 0:05:08]} Rh4 {[%eval 16,22] [%emt 0:11:22]} 39. Rd5 {
[%eval 17,22] [%emt 0:18:21]} Bc3 {[%eval 17,22] [%emt 0:13:11]} 40. Bf1 {
[%eval 16,19] [%emt 0:02:11] (Ad3)} Rxh2 {[%eval 16,19] [%emt 0:00:45]} 41. a4
{[%eval 16,19] [%emt 0:00:44]} Ra2 {[%eval 16,19] [%emt 0:03:00]} 42. Bb5 {
[%eval 16,19] [%emt 0:01:18]} Rh2 {[%eval 16,19] [%emt 0:07:00]} 43. Be2 {
[%eval 20,19] [%emt 0:02:47]} Kf6 {[%eval 19,20] [%emt 0:02:13] (h5)} 44. a5 {
[%eval 20,20] [%emt 0:01:26]} Bxa5 {[%eval 20,20] [%emt 0:00:57]} 45. Rxa5 {
[%eval 16,21] [%emt 0:05:00]} h5 {[%eval 16,21] [%emt 0:03:35]} 46. Ra7 {
[%eval 15,21] [%emt 0:03:14]} h4 {[%eval 15,21] [%emt 0:00:37]} 47. Ra6+ {
[%eval 14,21] [%emt 0:05:34]} Ke5 {[%eval 14,22] [%emt 0:06:22]} 48. Ra1 {
[%eval 12,19] [%emt 0:01:38] (Ta5+)} Rh3+ {[%eval 12,19] [%emt 0:00:25]} 49.
Kg2 {[%eval 10,20] [%emt 0:03:45]} Rg3+ {[%eval 11,20] [%emt 0:01:17]} 50. Kh2
{[%eval 11,21] [%emt 0:01:05]} Rc3 {[%eval 11,20] [%emt 0:00:41] (Tb3)} 51.
Ra5+ {[%eval 11,20] [%emt 0:00:42]} Kd4 {[%eval 11,21] [%emt 0:01:04]} 52. Bd1
{[%eval 11,21] [%emt 0:00:59]} Rg3 {[%eval 11,21] [%emt 0:02:56]} 53. Bg4 {
[%eval 11,21] [%emt 0:00:28]} Rc3 {[%eval 11,21] [%emt 0:00:48]} 54. Bf5 {
[%eval 11,21] [%emt 0:01:34]} Rb3 {[%eval 11,21] [%emt 0:01:49]} 55. Be6 {
[%eval 11,22] [%emt 0:02:41]} Re3 {[%eval 11,22] [%emt 0:02:06]} 56. Ra4+ {
[%eval 11,22] [%emt 0:06:43] (Ad7)} Ke5 {[%eval 11,23] [%emt 0:01:16]} 57. Bg4
{[%eval 11,23] [%emt 0:01:09]} Rd3 {[%eval 11,23] [%emt 0:02:02]} 58. Ra2 {
[%eval 11,23] [%emt 0:00:55]} Kf4 {[%eval 11,23] [%emt 0:02:06]} 59. Bc8 {
[%eval 11,23] [%emt 0:00:57]} Re3 {[%eval 11,23] [%emt 0:01:38]} 60. Bd7 {
[%eval 11,23] [%emt 0:00:45]} Rd3 {[%eval 11,23] [%emt 0:01:38]} 61. Rf2+ {
[%eval 11,23] [%emt 0:00:50]} Kg5 {[%eval 11,24] [%emt 0:01:35]} 62. Bf5 {
[%eval 11,24] [%emt 0:00:49]} Ra3 {[%eval 11,24] [%emt 0:01:01]} 63. Be6 {
[%eval 11,24] [%emt 0:00:40]} Ra6 {[%eval 11,24] [%emt 0:01:11]} 64. Bc4 {
[%eval 11,24] [%emt 0:00:56]} Ra3 {[%eval 11,24] [%emt 0:01:01]} 65. Rf8 {
[%eval 11,24] [%emt 0:00:33]} Rc3 {[%eval 11,24] [%emt 0:00:53]} 66. Bd5 {
[%eval 11,24] [%emt 0:00:23]} Kg4 {[%eval 11,24] [%emt 0:00:36]} 67. Rg8+ {
[%eval 11,24] [%emt 0:00:56]} Kf4 {[%eval 11,25] [%emt 0:00:46]} 68. Rg2 {
[%eval 11,24] [%emt 0:00:31]} Ke5 {[%eval 11,24] [%emt 0:00:42]} 69. Rd2 {
[%eval 11,24] [%emt 0:00:56]} Rc5 {[%eval 11,24] [%emt 0:00:39]} 70. Bg2 {
[%eval 11,24] [%emt 0:01:38]} Rc3 {[%eval 11,24] [%emt 0:00:37]} 71. Rf2 {
[%eval 11,24] [%emt 0:01:27]} Re3 {[%eval 11,24] [%emt 0:00:35]} 72. Rf8 {
[%eval 11,24] [%emt 0:00:45]} Rg3 {[%eval 11,24] [%emt 0:00:34]} 73. Bf3 {
[%eval 11,24] [%emt 0:00:30]} Rg7 {[%eval 11,24] [%emt 0:00:33]} 74. Re8+ {
[%eval 11,24] [%emt 0:00:41]} Kf4 {[%eval 11,25] [%emt 0:00:32]} 75. Be4 {
[%eval 11,24] [%emt 0:01:01]} Rg3 {[%eval 11,24] [%emt 0:00:32]} 76. Bg2 {
[%eval 11,24] [%emt 0:00:29]} Re3 {[%eval 11,24] [%emt 0:00:31]} 77. Rf8+ {
[%eval 11,24] [%emt 0:00:21]} Kg4 {[%eval 11,25] [%emt 0:00:31]} 78. Rf2 {
[%eval 11,25] [%emt 0:00:39]} Rc3 {[%eval 11,25] [%emt 0:00:31]} 79. Bf1 {
[%eval 11,25] [%emt 0:00:33]} Kg5 {[%eval 11,25] [%emt 0:00:31]} 80. Ra2 {
[%eval 11,25] [%emt 0:01:21]} Re3 {[%eval 11,25] [%emt 0:00:30]} 81. Bb5 {
[%eval 11,25] [%emt 0:00:55]} Rc3 {[%eval 11,25] [%emt 0:00:30]} 82. Rf2 {
[%eval 11,25] [%emt 0:00:43]} Rc5 {[%eval 11,25] [%emt 0:00:30]} 83. Bd3 {
[%eval 11,25] [%emt 0:00:48]} Rc3 {[%eval 11,25] [%emt 0:00:30]} 84. Be4 {
[%eval 11,25] [%emt 0:00:46]} Kg4 {[%eval 11,25] [%emt 0:00:30]} 85. Bf5+ {
[%eval 11,24] [%emt 0:00:33]} Kg5 {[%eval 11,25] [%emt 0:00:30]} 86. Be6 {
[%eval 11,25] [%emt 0:01:15]} Rg3 {[%eval 11,25] [%emt 0:00:30]} 87. Rf5+ {
[%eval 11,25] [%emt 0:03:08]} Kg6 {[%eval 11,25] [%emt 0:00:30]} 88. Ra5 {
[%eval 11,24] [%emt 0:02:29]} Rc3 {[%eval 11,19] [%emt 0:00:30]} 89. Ra2 {
[%eval 11,22] [%emt 0:00:43]} Rg3 {[%eval 11,22] [%emt 0:00:30]} 90. Re2 {
[%eval 0,21] [%emt 0:01:56]} Kg7 {[%eval 0,21] [%emt 0:00:12]} 91. Bf5 {
[%eval 0,23] [%emt 0:00:45]} Rf3 {[%eval 0,25] [%emt 0:00:09]} 92. Bg4 {
[%eval 0,30] [%emt 0:00:39] (Ae4)} 1/2-1/2

[Event "Reto (Rybka232mp32-bit, 90'+30\"/100+15'"]
[Site "?"]
[Date "2009.12.31"]
[Round "?"]
[White "Diaz, Sergio"]
[Black "Cabrera, Marcelo Dario"]
[Result "1/2-1/2"]
[WhiteElo "2472"]
[BlackElo "2267"]
[PlyCount "123"]

1. e4 c5 2. Nf3 e6 3. d4 cxd4 4. Nxd4 a6 5. Bd3 Nf6 6. O-O Qc7 7. Qe2 d6 8. c4
Be7 9. Nc3 Nc6 10. Nxc6 bxc6 11. f4 Nd7 12. Be3 Rb8 13. Rad1 O-O 14. Rf3 g6 15.
g4 Bf6 16. Qd2 Bb7 17. g5 Bg7 18. Bf1 d5 19. Rf2 Rfe8 20. cxd5 cxd5 21. exd5
exd5 22. Nxd5 Bxd5 23. Qxd5 Rxe3 24. Qxd7 Qc5 25. Kg2 Bxb2 26. f5 Bg7 27. Qd6
Qxd6 28. Rxd6 gxf5 29. Rxf5 Bc3 {[%eval 23,17] [%emt 0:02:41]} 30. Bc4 {
[%eval 24,17] [%emt 0:00:45]} Rb2+ {[%eval 21,17] [%emt 0:01:16]} 31. Rf2 {
[%eval 19,19] [%emt 0:01:08]} Re5 {[%eval 19,20] [%emt 0:04:18]} 32. Bxf7+ {
[%eval 20,20] [%emt 0:02:15]} Kg7 {[%eval 20,21] [%emt 0:01:54]} 33. Rxb2 {
[%eval 19,21] [%emt 0:02:57]} Bxb2 {[%eval 18,22] [%emt 0:05:33]} 34. Bc4 {
[%eval 18,22] [%emt 0:11:03]} Rxg5+ {[%eval 16,22] [%emt 0:07:08]} 35. Kf3 {
[%eval 16,23] [%emt 0:07:51]} Rf5+ {[%eval 17,23] [%emt 0:19:03]} 36. Kg4 {
[%eval 17,24] [%emt 0:16:06]} Re5 {[%eval 17,24] [%emt 0:14:52]} 37. Bxa6 {
[%eval 17,23] [%emt 0:02:27]} Re4+ {[%eval 17,23] [%emt 0:11:38]} 38. Kf3 {
[%eval 17,23] [%emt 0:10:33]} Rh4 {[%eval 17,23] [%emt 0:09:08]} 39. Rd5 {
[%eval 17,22] [%emt 0:05:26]} Bc3 {[%eval 17,21] [%emt 0:01:10]} 40. Be2 {
[%eval 22,18] [%emt 0:02:29] (Ad3)} Kf8 {[%eval 20,18] [%emt 0:00:53]} 41. Ke3
{[%eval 20,18] [%emt 0:03:45] (Tc5)} Ra4 {[%eval 21,18] [%emt 0:05:22]} 42.
Rd8+ {[%eval 21,18] [%emt 0:00:36]} Ke7 {[%eval 21,19] [%emt 0:01:57]} 43. Rd7+
{[%eval 19,19] [%emt 0:05:07]} Kf6 {[%eval 21,20] [%emt 0:05:32]} 44. Rxh7 {
[%eval 17,20] [%emt 0:06:36]} Rxa2 {[%eval 17,20] [%emt 0:02:00]} 45. Bc4 {
[%eval 17,20] [%emt 0:04:23]} Ra4 {[%eval 16,20] [%emt 0:04:03]} 46. Rh4 {
[%eval 16,20] [%emt 0:02:46]} Be5 {[%eval 16,20] [%emt 0:03:16]} 47. h3 {
[%eval 16,19] [%emt 0:00:57]} Bd6 {[%eval 16,19] [%emt 0:02:38]} 48. Kd3 {
[%eval 16,18] [%emt 0:01:20] (Tg4)} Be5 {[%eval 16,18] [%emt 0:02:09]} 49. Ke2
{[%eval 16,16] [%emt 0:00:55] (Th5)} Bd6 {[%eval 15,17] [%emt 0:00:48] (Ah2)}
50. Re4 {[%eval 13,18] [%emt 0:01:06]} Ra3 {[%eval 13,18] [%emt 0:00:20]} 51.
Bd3 {[%eval 13,16] [%emt 0:00:57]} Ra2+ {[%eval 16,16] [%emt 0:00:35]} 52. Kf3
{[%eval 16,18] [%emt 0:00:38]} Ra3 {[%eval 15,18] [%emt 0:00:48]} 53. Ke3 {
[%eval 10,18] [%emt 0:01:00]} Bc5+ {[%eval 8,19] [%emt 0:00:57] (Ta5)} 54. Kd2
{[%eval 8,20] [%emt 0:00:27]} Ra2+ {[%eval 8,20] [%emt 0:00:54]} 55. Kc3 {
[%eval 8,21] [%emt 0:01:44]} Ra3+ {[%eval 8,21] [%emt 0:01:29]} 56. Kc4 {
[%eval 8,22] [%emt 0:00:48]} Ra4+ {[%eval 8,22] [%emt 0:01:15]} 57. Kd5 {
[%eval 8,23] [%emt 0:01:25] (Rxc5)} Rxe4 {[%eval 8,23] [%emt 0:00:51]} 58. Kxe4
{[%eval 8,28] [%emt 0:00:13]} Kg5 {[%eval 8,29] [%emt 0:00:07]} 59. Bc4 {
[%eval 8,34] [%emt 0:00:20]} Bg1 {[%eval 8,35] [%emt 0:00:28]} 60. Ba2 {
[%eval 8,37] [%emt 0:01:19]} Bf2 {[%eval 8,37] [%emt 0:00:08]} 61. Be6 {
[%eval 8,38] [%emt 0:00:26]} Bc5 {[%eval 8,38] [%emt 0:00:12]} 62. Bg4 {
[%eval 8,39] [%emt 0:00:27]} 1/2-1/2

[Event "Reto (ZappaMexico, 90'+30\"/100+15'+30\")"]
[Site "?"]
[Date "2009.12.31"]
[Round "?"]
[White "Diaz, Sergio"]
[Black "Cabrera, Marcelo Dario"]
[Result "1/2-1/2"]
[WhiteElo "2472"]
[BlackElo "2267"]
[PlyCount "87"]

1. e4 c5 2. Nf3 e6 3. d4 cxd4 4. Nxd4 a6 5. Bd3 Nf6 6. O-O Qc7 7. Qe2 d6 8. c4
Be7 9. Nc3 Nc6 10. Nxc6 bxc6 11. f4 Nd7 12. Be3 Rb8 13. Rad1 O-O 14. Rf3 g6 15.
g4 Bf6 16. Qd2 Bb7 17. g5 Bg7 18. Bf1 d5 19. Rf2 Rfe8 20. cxd5 cxd5 21. exd5
exd5 22. Nxd5 Bxd5 23. Qxd5 Rxe3 24. Qxd7 Qc5 25. Kg2 Bxb2 26. f5 Bg7 27. Qd6
Qxd6 28. Rxd6 gxf5 29. Rxf5 Re5 {[%eval 5,16] [%emt 0:06:12]} 30. Rxe5 {
[%eval 6,16] [%emt 0:04:11]} Bxe5 {[%eval 6,16] [%emt 0:00:00]} 31. Rd2 {
[%eval 5,16] [%emt 0:04:28]} a5 {[%eval 5,16] [%emt 0:03:51]} 32. Rd5 {[%eval
4,16] [%emt 0:05:27]} Rb2+ {[%eval 3,16] [%emt 0:03:25]} 33. Kf3 {[%eval 5,17]
[%emt 0:05:03]} Bxh2 {[%eval 3,17] [%emt 0:03:37]} 34. Rxa5 {[%eval 3,17] 
[%emt 0:04:26]} Rb4 {[%eval 3,17] [%emt 0:07:32]} 35. Bd3 {[%eval 3,17] [%emt
0:06:24]} Rf4+ {[%eval 3,17] [%emt 0:03:55]} 36. Ke3 {[%eval 3,18] [%emt 0:04:
59]} Kg7 {[%eval 3,17] [%emt 0:05:03]} 37. Be4 {[%eval 3,17] [%emt 0:03:05]}
Rg4 {[%eval 2,17] [%emt 0:03:59]} 38. Rf5 {[%eval 2,17] [%emt 0:02:19]} Bc7 {
[%eval 2,17] [%emt 0:04:42]} 39. Bd5 {[%eval 2,17] [%emt 0:04:57] (Af3)} Kg6 {
[%eval 2,17] [%emt 0:04:31]} 40. Be4 {[%eval 1,17] [%emt 0:03:37] (Txf7)} Kg7 {
[%eval 1,17] [%emt 0:04:20]} 41. Bf3 {[%eval 0,17] [%emt 0:02:11]} Ra4 {
[%eval 1,17] [%emt 0:02:10]} 42. Bd5 {[%eval 0,17] [%emt 0:02:22]} Kg6 {
[%eval 0,17] [%emt 0:01:44]} 43. Rxf7 {[%eval 0,17] [%emt 0:02:36]} Bd8 {
[%eval 0,17] [%emt 0:03:06]} 44. Rf8 {[%eval 0,17] [%emt 0:04:00]} 1/2-1/2

[Event "Reto (Fruit23, 90'+30\"/100+15'+30\") "]
[Site "?"]
[Date "2009.12.31"]
[Round "?"]
[White "Diaz, Sergio"]
[Black "Cabrera, Marcelo Dario"]
[Result "1/2-1/2"]
[WhiteElo "2472"]
[BlackElo "2267"]
[PlyCount "90"]

1. e4 c5 2. Nf3 e6 3. d4 cxd4 4. Nxd4 a6 5. Bd3 Nf6 6. O-O Qc7 7. Qe2 d6 8. c4
Be7 9. Nc3 Nc6 10. Nxc6 bxc6 11. f4 Nd7 12. Be3 Rb8 13. Rad1 O-O 14. Rf3 g6 15.
g4 Bf6 16. Qd2 Bb7 17. g5 Bg7 18. Bf1 d5 19. Rf2 Rfe8 20. cxd5 cxd5 21. exd5
exd5 22. Nxd5 Bxd5 23. Qxd5 Rxe3 24. Qxd7 Qc5 25. Kg2 Bxb2 26. f5 Bg7 27. Qd6
Qxd6 28. Rxd6 gxf5 29. Rxf5 Re5 {[%eval 27,18] [%emt 0:02:23]} 30. Rxe5 {
[%eval 28,20] [%emt 0:02:18]} Bxe5 {[%eval 29,20] [%emt 0:01:31]} 31. Rxa6 {
[%eval 27,21] [%emt 0:02:33]} Rb2+ {[%eval 26,21] [%emt 0:03:19]} 32. Kf3 {
[%eval 26,22] [%emt 0:04:25]} Rxh2 {[%eval 27,21] [%emt 0:05:33]} 33. a4 {
[%eval 27,21] [%emt 0:04:20]} Rh4 {[%eval 27,21] [%emt 0:04:08]} 34. Bd3 {
[%eval 25,21] [%emt 0:03:38] (Ta5)} Bf4 {[%eval 22,21] [%emt 0:05:53] (Rg7)}
35. a5 {[%eval 23,21] [%emt 0:02:50]} Bxg5 {[%eval 23,22] [%emt 0:03:15]} 36.
Rd6 {[%eval 18,22] [%emt 0:10:30]} Kg7 {[%eval 18,22] [%emt 0:03:42]} 37. Rd7 {
[%eval 16,22] [%emt 0:05:07] (a6)} Ra4 {[%eval 16,22] [%emt 0:02:37]} 38. a6 {
[%eval 15,22] [%emt 0:02:32]} h5 {[%eval 15,22] [%emt 0:04:14]} 39. Rd5 {
[%eval 14,22] [%emt 0:03:27]} Kh6 {[%eval 12,22] [%emt 0:03:18]} 40. Bb5 {
[%eval 10,22] [%emt 0:03:11]} Ra5 {[%eval 7,22] [%emt 0:03:03]} 41. Bc4 {
[%eval 7,22] [%emt 0:03:59]} Ra4 {[%eval 7,22] [%emt 0:02:23]} 42. Rd6+ {
[%eval 5,22] [%emt 0:03:49]} Kg7 {[%eval 5,23] [%emt 0:03:05]} 43. Bb5 {
[%eval 4,21] [%emt 0:01:48]} Ra3+ {[%eval 0,22] [%emt 0:03:05] (Tf4+)} 44. Bd3
{[%eval 0,22] [%emt 0:01:56] (Td3)} f5 {[%eval 0,21] [%emt 0:02:53] (Rf8)} 45.
Ke2 {[%eval 0,21] [%emt 0:02:15] (Rf2)} Ra2+ {[%eval 0,22] [%emt 0:03:01] (h4)}
1/2-1/2

[Event "Reto (DeepJunior1, 90'+30\"/100+15'+30\")"]
[Site "?"]
[Date "2009.12.31"]
[Round "?"]
[White "Diaz, Sergio"]
[Black "Cabrera, Marcelo Dario"]
[Result "1/2-1/2"]
[WhiteElo "2472"]
[BlackElo "2267"]
[PlyCount "224"]

1. e4 c5 2. Nf3 e6 3. d4 cxd4 4. Nxd4 a6 5. Bd3 Nf6 6. O-O Qc7 7. Qe2 d6 8. c4
Be7 9. Nc3 Nc6 10. Nxc6 bxc6 11. f4 Nd7 12. Be3 Rb8 13. Rad1 O-O 14. Rf3 g6 15.
g4 Bf6 16. Qd2 Bb7 17. g5 Bg7 18. Bf1 d5 19. Rf2 Rfe8 20. cxd5 cxd5 21. exd5
exd5 22. Nxd5 Bxd5 23. Qxd5 Rxe3 24. Qxd7 Qc5 25. Kg2 Bxb2 26. f5 Bg7 27. Qd6
Qxd6 28. Rxd6 gxf5 29. Rxf5 Rb2+ {[%eval 36,18] [%emt 0:02:00]} 30. Rf2 {
[%eval 33,19] [%emt 0:02:12]} Rxf2+ {[%eval 45,19] [%emt 0:01:36]} 31. Kxf2 {
[%eval 29,20] [%emt 0:02:41]} Re5 {[%eval 43,21] [%emt 0:06:42]} 32. h4 {
[%eval 28,21] [%emt 0:02:55]} Rf5+ {[%eval 43,20] [%emt 0:01:51]} 33. Kg2 {
[%eval 10,21] [%emt 0:01:24]} Rf4 {[%eval 39,21] [%emt 0:01:42]} 34. Rxa6 {
[%eval 19,21] [%emt 0:01:16]} Rxh4 {[%eval 31,21] [%emt 0:00:58]} 35. Ra8+ {
[%eval 20,21] [%emt 0:03:34] (Rg3)} Bf8 {[%eval 50,3] [%emt 0:00:00]} 36. Kg3 {
[%eval 20,21] [%emt 0:01:29]} Rh1 {[%eval 28,21] [%emt 0:03:44] (Td4)} 37. Bc4
{[%eval -2,20] [%emt 0:01:07] (Ag2)} Kg7 {[%eval 22,20] [%emt 0:04:56]} 38. a4
{[%eval 10,19] [%emt 0:02:57]} Rc1 {[%eval 18,19] [%emt 0:02:14]} 39. Bd5 {
[%eval -1,19] [%emt 0:04:30] (Ae2)} Rc5 {[%eval 14,19] [%emt 0:04:24] (Tg1+)}
40. Bb7 {[%eval -16,18] [%emt 0:00:50]} Rxg5+ {[%eval 14,18] [%emt 0:00:58] 
(Ad6+)} 41. Kf4 {[%eval -13,20] [%emt 0:01:09]} Be7 {[%eval 2,20] [%emt 0:01:
02]} 42. a5 {[%eval -19,21] [%emt 0:02:55]} h5 {[%eval -2,21] [%emt 0:02:34]}
43. Re8 {[%eval 0,21] [%emt 0:06:01]} Kf6 {[%eval -3,21] [%emt 0:04:50]} 44. a6
{[%eval -20,22] [%emt 0:06:55]} Bd6+ {[%eval -8,22] [%emt 0:05:12]} 45. Ke4 {
[%eval -29,23] [%emt 0:14:36] (Rf3)} Ra5 {[%eval -18,23] [%emt 0:04:51]} 46.
Kf3 {[%eval -18,21] [%emt 0:02:33] (Th8)} Be5 {[%eval -8,21] [%emt 0:01:20]}
47. Rh8 {[%eval -30,20] [%emt 0:02:59] (Tc8)} Ra3+ {[%eval -9,20] [%emt 0:04:
12]} 48. Ke2 {[%eval -24,21] [%emt 0:09:49]} Kg6 {[%eval -18,21] [%emt 0:09:50]
} 49. Re8 {[%eval -48,21] [%emt 0:08:50]} Ra5 {[%eval -7,17] [%emt 0:01:21] 
(Ag7)} 50. Kf3 {[%eval -20,18] [%emt 0:00:28] (Ac8)} Ba1 {[%eval -12,19] [%emt
0:00:43] (Rf5)} 51. Kf4 {[%eval -31,18] [%emt 0:00:29] (Te1)} f5 {[%eval -19,
19] [%emt 0:00:48]} 52. Bc8 {[%eval -32,18] [%emt 0:01:13] (Te6+)} Bf6 {
[%eval -17,18] [%emt 0:01:01]} 53. Kf3 {[%eval -38,17] [%emt 0:00:46] (Te2)} h4
{[%eval -21,19] [%emt 0:01:29]} 54. Rg8+ {[%eval -39,19] [%emt 0:01:20]} Kh6 {
[%eval -22,20] [%emt 0:02:07] (Rh5)} 55. Rg2 {[%eval -44,19] [%emt 0:00:33] 
(a7)} Bd8 {[%eval -26,19] [%emt 0:00:57]} 56. a7 {[%eval -44,18] [%emt 0:00:50]
(Tg8)} Bg5 {[%eval -29,18] [%emt 0:00:37]} 57. Rc2 {[%eval -40,19] [%emt 0:00:
38] (a8D)} Ra3+ {[%eval -31,19] [%emt 0:01:11]} 58. Kg2 {[%eval -42,20] [%emt
0:00:30]} Be3 {[%eval -29,20] [%emt 0:01:27] (Txa7)} 59. Rc3 {[%eval -42,20] 
[%emt 0:01:04]} Ra2+ {[%eval -29,20] [%emt 0:00:43]} 60. Kh3 {[%eval -43,21] 
[%emt 0:00:31]} Bxa7 {[%eval -28,21] [%emt 0:01:18]} 61. Bxf5 {[%eval -44,21] 
[%emt 0:00:44]} Kg5 {[%eval -31,21] [%emt 0:00:41]} 62. Be6 {[%eval -45,21] 
[%emt 0:01:21] (Ae4)} Re2 {[%eval -31,21] [%emt 0:00:56]} 63. Bg4 {[%eval -45,
21] [%emt 0:00:57] (Ac4)} Re3+ {[%eval -28,23] [%emt 0:01:51]} 64. Rxe3 {
[%eval -48,29] [%emt 0:00:11]} Bxe3 {[%eval -18,28] [%emt 0:00:18]} 65. Kg2 {
[%eval -46,48] [%emt 0:00:33]} Ba7 {[%eval -28,50] [%emt 0:00:40] (Rf4)} 66.
Bh3 {[%eval -47,55] [%emt 0:00:38] (Rf3)} Bb6 {[%eval -26,51] [%emt 0:00:50] 
(Ab8)} 67. Kf3 {[%eval -50,50] [%emt 0:00:47]} Bc7 {[%eval -20,57] [%emt 0:00:
47] (Ad8)} 68. Ke4 {[%eval -50,56] [%emt 0:00:33]} Bg3 {[%eval -20,59] [%emt 0:
00:48]} 69. Kd5 {[%eval -50,59] [%emt 0:00:46]} Kf4 {[%eval -20,61] [%emt 0:01:
06]} 70. Ke6 {[%eval -50,61] [%emt 0:00:55]} Ke3 {[%eval -20,57] [%emt 0:00:50]
(Ah2)} 71. Kf5 {[%eval -50,57] [%emt 0:00:41]} Kd4 {[%eval -20,59] [%emt 0:00:
46]} 72. Kg5 {[%eval -50,59] [%emt 0:01:07]} Bf2 {[%eval -20,55] [%emt 0:00:48]
(Rc5)} 73. Kg4 {[%eval -50,57] [%emt 0:00:39] (Rf6)} Be1 {[%eval -20,60] [%emt
0:01:01]} 74. Kg5 {[%eval -50,52] [%emt 0:00:36] (Rf5)} Ke3 {[%eval -20,53] 
[%emt 0:00:49] (Re5)} 75. Kg4 {[%eval -50,54] [%emt 0:00:40] (Ae6)} Bf2 {
[%eval -20,57] [%emt 0:01:10]} 76. Kg5 {[%eval -50,50] [%emt 0:00:45] (Af1)}
Kd2 {[%eval -20,51] [%emt 0:01:14]} 77. Kg4 {[%eval -50,52] [%emt 0:00:51] 
(Ac8)} Bg3 {[%eval -20,58] [%emt 0:00:53]} 78. Kg5 {[%eval -50,56] [%emt 0:00:
54] (Rf3)} Kd3 {[%eval -20,54] [%emt 0:01:10] (Ae1)} 79. Kg4 {[%eval -50,53] 
[%emt 0:01:19]} Ke4 {[%eval -20,54] [%emt 0:01:02]} 80. Kg5 {[%eval -50,54] 
[%emt 0:01:29]} Kf3 {[%eval -20,53] [%emt 0:01:02] (Ae1)} 81. Kh5 {[%eval -50,
56] [%emt 0:01:07] (Ac8)} Kf4 {[%eval -20,59] [%emt 0:01:09] (Re3)} 82. Be6 {
[%eval -50,60] [%emt 0:01:20]} Ke5 {[%eval -20,59] [%emt 0:01:03] (Re3)} 83.
Bc8 {[%eval -50,58] [%emt 0:01:07] (Ah3)} Kd4 {[%eval -20,60] [%emt 0:01:03]}
84. Bh3 {[%eval -50,55] [%emt 0:00:49]} Ke3 {[%eval -20,60] [%emt 0:01:19]} 85.
Kg6 {[%eval -50,59] [%emt 0:01:05] (Rg4)} Kf4 {[%eval -20,58] [%emt 0:01:07] 
(Rf2)} 86. Kh5 {[%eval -50,57] [%emt 0:01:29]} Be1 {[%eval -20,59] [%emt 0:01:
14]} 87. Be6 {[%eval -50,56] [%emt 0:01:03] (Rg6)} Kg3 {[%eval -20,61] [%emt 0:
01:28]} 88. Bf5 {[%eval -50,59] [%emt 0:01:15] (Ag4)} Ba5 {[%eval -20,60] 
[%emt 0:01:34]} 89. Be6 {[%eval -50,61] [%emt 0:00:46] (Rg5)} Bd2 {[%eval -20,
62] [%emt 0:00:49]} 90. Bf5 {[%eval -50,61] [%emt 0:01:04] (Ag4)} Be3 {[%eval
-20,61] [%emt 0:01:02] (Ab4)} 91. Bg4 {[%eval -50,61] [%emt 0:01:25] (Ac8)} Bf4
{[%eval -20,61] [%emt 0:01:00] (Ag1)} 92. Be6 {[%eval -50,61] [%emt 0:00:28] 
(Ac8)} Bb8 {[%eval -20,62] [%emt 0:00:56]} 93. Kg5 {[%eval -50,58] [%emt 0:01:
23] (Ag4)} Be5 {[%eval -20,59] [%emt 0:02:08] (Aa7)} 94. Bf5 {[%eval -50,58] 
[%emt 0:01:31] (Ag4)} Bf4+ {[%eval -20,60] [%emt 0:01:55]} 95. Kf6 {[%eval -50,
58] [%emt 0:01:50] (Rh5)} Be3 {[%eval -20,58] [%emt 0:02:26] (Ab8)} 96. Ke5 {
[%eval -50,56] [%emt 0:01:41] (Ac8)} Bc5 {[%eval -20,57] [%emt 0:02:12] (Ag1)}
97. Bc8 {[%eval -50,58] [%emt 0:02:27]} Bg1 {[%eval -20,59] [%emt 0:03:31]} 98.
Bf5 {[%eval -50,58] [%emt 0:02:23]} Bb6 {[%eval -20,59] [%emt 0:03:27] (Aa7)}
99. Bd7 {[%eval -50,59] [%emt 0:03:52]} Bc7+ {[%eval -20,58] [%emt 0:04:46] 
(Af2)} 100. Ke4 {[%eval -50,59] [%emt 0:03:47] (Rd4)} Bf4 {[%eval -20,62] 
[%emt 0:00:42]} 101. Bf5 {[%eval -50,61] [%emt 0:00:09]} Bd6 {[%eval -20,62] 
[%emt 0:00:22] (Ab8)} 102. Bc8 {[%eval -50,61] [%emt 0:00:13]} Bb8 {[%eval -20,
62] [%emt 0:00:15]} 103. Bf5 {[%eval -50,61] [%emt 0:00:17]} Bf4 {[%eval -20,
62] [%emt 0:00:19]} 104. Bd7 {[%eval -50,58] [%emt 0:00:25] (Ac8)} Bc1 {
[%eval -20,60] [%emt 0:01:21]} 105. Bf5 {[%eval -50,59] [%emt 0:00:30]} Bb2 {
[%eval -20,61] [%emt 0:00:29] (Ad2)} 106. Bc8 {[%eval -50,59] [%emt 0:00:27] 
(Ae6)} Bg7 {[%eval -20,60] [%emt 0:00:36] (Af6)} 107. Bf5 {[%eval -50,60] 
[%emt 0:00:39]} Bc3 {[%eval -20,57] [%emt 0:00:26] (Ah6)} 108. Bc8 {[%eval -50,
61] [%emt 0:01:02] (Rd5)} Bf6 {[%eval -20,59] [%emt 0:00:41] (Ae1)} 109. Bf5 {
[%eval -50,58] [%emt 0:00:22] (Ae6)} Bg5 {[%eval -20,60] [%emt 0:00:40]} 110.
Bc8 {[%eval -50,59] [%emt 0:03:05]} Bd2 {[%eval -20,57] [%emt 0:06:11] (Ad8)}
111. Kd3 {[%eval 0,56] [%emt 0:01:23] (Af5)} Be1 {[%eval 0,55] [%emt 0:01:04]}
112. Bf5 {[%eval 0,55] [%emt 0:00:18]} Ba5 {[%eval 0,57] [%emt 0:00:27]}
1/2-1/2